| 000 | 01016nam a22002655a 4500 | ||
|---|---|---|---|
| 003 | OSt | ||
| 005 | 20170309120403.0 | ||
| 008 | 170308s1999 ua frb 000 0 ara d | ||
| 016 | _a98 / 3946 | ||
| 020 | _a9771956345 | ||
| 040 |
_aEG-ScBUE _bara _cEG-ScBUE |
||
| 043 | _af-ua--- | ||
| 082 | 0 | 4 |
_a346.620434 _bأ هـ و _222 |
| 100 | 1 | _aأهواني، حسام الدين كامل. | |
| 245 | 1 | 2 |
_aعقد الإيجار في القانون المدني وفي قوانين إيجار الأماكن / _cحسام الدين كامل الأهواني. |
| 250 | _aط. 3. | ||
| 260 |
_a[د. م. : _bد. ن.]، _c1999 _e(الجيزة : _fدار أبو المجد للطباعة) |
||
| 300 |
_a492 ص. ؛ _c24 سم. |
||
| 504 | _aيشتمل على إرجاعات ببليوجرافية. | ||
| 650 | 7 |
_aعقود الإيجار _xقوانين وتشريعات _zمصر. _2BUEsh |
|
| 650 | 7 |
_aالعقود (قانون مدنى) _zمصر. _2BUEsh _940832 |
|
| 651 | _2BUEsh | ||
| 653 |
_bLLAAWW _cMarch2017 |
||
| 942 | _2ddc | ||
| 999 |
_c24363 _d24335 |
||